000 00229nam a22000857a 4500
008 170620b xxu||||| |||| 00| 0 eng d
100 _93591
_aKhurana. R
245 _aEncyclopedia of computer science
260 _aNew delhi
_bA. P. H
_c2009
999 _c6977
_d6977